• 首页
  • 本馆介绍
  • 公告通知
  • 最新文献
  • 馆藏检索
  • 电子资源
  • 读者导购
  • 参考咨询
  • 我的图书馆
  • 登录
  • 详细信息显示
  • 放入我的书架
  • 预约/预借图书
  • 作者相关作品
  • 分类相关作品
  • 丛书相关作品
  • 出版社相关作品

书目信息

  • 表格格式
  • 工作单格式
  • 卡片格式
题名:
口琴自学教程
    
 
作者:
分册:  
出版信息: 上海   上海音乐学院出版社  
页数: 137页
开本: 24cm
丛书名:
单 册:
中图分类: J624.46
科图分类:
主题词: 器乐--理论 , 器乐--奏法 , 器乐--演奏
电子资源:
ISBN: 978-7-5566-0111-0
000 00545nam0 2200193 450
001 202410164175925569
005 20241018154546.27
010    @a978-7-5566-0111-0@dCNY25.00
100    @a20241016d km y0chiy0120 ea
101 0  @achi
200 1  @a口琴自学教程@AKou Qin Zi Xue Jiao Cheng
210    @a上海@c上海音乐学院出版社
215    @a137页@d24cm
606 0  @a器乐@x理论
606 0  @a器乐@x奏法
606 0  @a器乐@x演奏
690    @aJ624.46@v4
801  0 @aCN@b大连网信软件有限公司图书馆·11@c20241018
905    @aZUCC@b1058814@dJ624.46@e648@f1
    
    口琴自学教程.-上海:上海音乐学院出版社
    137页;24cm
    
    
    ISBN 978-7-5566-0111-0:CNY25.00
    
●
相关链接 在E读中查询图书 在五车中查询图书 在当当中查询图书 在豆瓣中查询图书


正题名:口琴自学教程     索取号:J624.46/648         预约/预借

序号 登录号 条形码 馆藏地/架位号 状态 备注
1 1058814   210588149   密集书库-音乐系/ [索取号:J624.46/648] 在馆    
唐山师范学院图书馆 欢迎您!
大连网信软件有限公司© 版权所有